Janapada Geethegalu (Record no. 239614)

MARC details
000 -LEADER
fixed length control field 00357nam a2200145Ia 4500
005 - DATE AND TIME OF LATEST TRANSACTION
control field 20250729165741.0
008 - FIXED-LENGTH DATA ELEMENTS--GENERAL INFORMATION
fixed length control field 250729s1900 xx 000 0 und d
041 ## - LANGUAGE CODE
Language code of text/sound track or separate title kan
082 ## - DEWEY DECIMAL CLASSIFICATION NUMBER
Classification number 494.50 VIJJ
100 ## - MAIN ENTRY--PERSONAL NAME
Personal name S Vijaya Kumar
9 (RLIN) 232101
245 ## - TITLE STATEMENT
Title Janapada Geethegalu
260 ## - PUBLICATION, DISTRIBUTION, ETC.
Place of publication, distribution, etc. Gadag
Name of publisher, distributor, etc. Maruthi Book Center
300 ## - PHYSICAL DESCRIPTION
Extent 80p
650 ## - SUBJECT ADDED ENTRY--TOPICAL TERM
Topical term or geographic name entry element Kannada
9 (RLIN) 232102
Holdings
Withdrawn status Lost status Damaged status Not for loan Home library Current library Date acquired Source of acquisition Cost, normal purchase price Total Checkouts Full call number Barcode Date last seen Cost, replacement price Price effective from Koha item type
        St Aloysius Library St Aloysius Library 07/29/2025 Management Book 30.00   494.50 VIJJ BED04933 07/29/2025 30.00 07/29/2025 Book